Cultures du Midi de l'Algérie et de la Tunisie / (Record no. 128040)

MARC details
000 -LEADER
campo de control de longitud fija 00662nam a2200205 4500
001 - NÚMERO DE CONTROL
campo de control 128040
003 - IDENTIFICADOR DE NÚMERO DE CONTROL
campo de control ES-MaACL
005 - FECHA Y HORA DE LA ÚLTIMA TRANSACCIÓN
campo de control 20260210162439.0
007 - CAMPO FIJO DE DESCRIPCIÓN FÍSICA--INFORMACIÓN GENERAL
campo de control de longitud fija t|
008 - DATOS DE LONGITUD FIJA--INFORMACIÓN GENERAL
campo de control de longitud fija 070214s1906 fr r ||||1| fre d
100 1# - ENTRADA PRINCIPAL--NOMBRE DE PERSONA
Nombre de persona Rivière, Ch.
9 (RLIN) 97731
245 10 - MENCIÓN DEL TÍTULO
Título Cultures du Midi de l'Algérie et de la Tunisie /
Mención de responsabilidad, etc. par Ch. Rivière, H. Lecq ; introduction par le Dr. P. Regnard.
260 ## - PUBLICACIÓN, DISTRIBUCIÓN, ETC.
Lugar de publicación, distribución, etc. Paris :
Nombre del editor, distribuidor, etc. Lib. J. B. Baillière et Fils,
Fecha de publicación, distribución, etc. 1906.
300 ## - DESCRIPCIÓN FÍSICA
Extensión XII, 511 p. :
Otras características físicas il. ;
Dimensiones 18 x 11 cm.
490 1# - MENCIÓN DE SERIE
Mención de serie Encyclopédie agricole
700 1# - ENTRADA AGREGADA--NOMBRE PERSONAL
Nombre de persona Lecq, H.
9 (RLIN) 71115
830 0# - PUNTO DE ACCESO ADICIONAL DE SERIE-TÍTULO UNIFORME
Título uniforme Encyclopédie agricole
9 (RLIN) 180885
852 ## - LOCALIZACIÓN
Ubicación ES-MaACL
Número de control de estantería D-3712
Holdings
Estatus retirado Estado de pérdida Estado de daño No para préstamo Biblioteca de origen Biblioteca actual Ubicación en estantería Fecha de adquisición Fuente de adquisición Total de préstamos Signatura topográfica completa Código de barras Visto por última vez Precio de reemplazo Tipo de ítem Koha
        Biblioteca del Ateneo de Madrid Biblioteca del Ateneo de Madrid Sala Valle Inclán 17/01/2008     D-3712 901133356 23/02/2023 23/02/2023 Libro impreso